Controlled Markov processes /

Guardado en:
Autor Principal: Dynkin, E. B. 1924-
Otros Autores: Yushkevich, A. A. 1930-
Formato: Libro
Idioma:English
Russian
Publicado: Berlin : Springer-Verlag, c1979.
Series:Grundlehren der mathematischen Wissenschaften ; 235
Materias:
Etiquetas: Agregar Etiqueta
Sin Etiquetas, Sea el primero en etiquetar este registro!
LEADER 01166cam a2200301 a 4500
001 MAT.inmabb002900
008 790205s1979####gw#a#####b####001#0#eng##
005 20160614122422.0
245 1 0 |a Controlled Markov processes /  |c E. B. Dynkin, A. A. Yushkevich ; [translators: J. M. Danskin, C. Holland]. 
260 |a Berlin :  |b Springer-Verlag,  |c c1979. 
300 |a xvii, 289 p. :  |b il. ;  |c 25 cm. 
440 0 |a Grundlehren der mathematischen Wissenschaften ;  |v 235 
500 |a Traducción de: Upravliaemye markovskie protsessy i ikh prilozheniia. 
504 |a Bibliografía: p. [275]-286. 
510 4 |a MR,  |c 58 #15197  |3 (de la ed. original) 
020 |a 3540903879 (Berlin) 
020 |a 0387903879 (New York) 
100 1 |a Dynkin, E. B.  |q (Evgenii Borisovich),  |d 1924- 
240 1 0 |a Upravliaemye markovskie protsessy i ikh prilozheniia.  |l Inglés 
700 1 |a Yushkevich, A. A.  |q (Alexander Adolph),  |d 1930- 
650 0 |a Mathematical optimization. 
650 0 |a Control theory. 
650 0 |a Markov processes. 
084 |a 90C40 (90C15)  |2 msc2000 
010 |a  79001465  
040 |a DLC  |c DLC  |d DLC 
041 1 |a eng  |h rus 
859 |h 90  |i D997  |p A-4983  |b BIB. MATEMATICA